Textbook of pulmonary medicine / (Record no. 480913)

000 -LEADER
fixed length control field 02671cam a2200325 i 4500
001 - CONTROL NUMBER
control field 17290521
003 - CONTROL NUMBER IDENTIFIER
control field ASAB
005 - DATE AND TIME OF LATEST TRANSACTION
control field 20180827062848.0
008 - FIXED-LENGTH DATA ELEMENTS--GENERAL INFORMATION
fixed length control field 120508s2010 ii a b 001 0 eng
010 ## - LIBRARY OF CONGRESS CONTROL NUMBER
LC control number 2012392938
020 ## - INTERNATIONAL STANDARD BOOK NUMBER
International Standard Book Number 9788184487497 (hbk)
020 ## - INTERNATIONAL STANDARD BOOK NUMBER
International Standard Book Number 8184487495 (hbk)
040 ## - CATALOGING SOURCE
Original cataloging agency DLC
Language of cataloging eng
Description conventions rda
Transcribing agency ASAB
042 ## - AUTHENTICATION CODE
Authentication code pcc
050 00 - LIBRARY OF CONGRESS CALL NUMBER
Classification number RC731
Item number .B34 2010
082 00 - DEWEY DECIMAL CLASSIFICATION NUMBER
Classification number 616.2/4
Edition number 23
100 1# - MAIN ENTRY--PERSONAL NAME
Personal name Behera, D.
Fuller form of name (Digambar)
Relator term author.
9 (RLIN) 4104
245 10 - TITLE STATEMENT
Title Textbook of pulmonary medicine /
Statement of responsibility, etc. D. Behera, MD (Med), FCCP, FNCCP, FAMS, FICP, FICA, MNAMS(Med), Dip NBE(Resp Med), Professor, Department of Pulmonary Medicine, Postgraduate Institute of Medical Education and Research (PGIMER), Chandigarh, India, Director, LRS Institute of Tuberculosis and Respiratory Diseases, Sri Aurobindo Marg, New Delhi, India.
250 ## - EDITION STATEMENT
Edition statement Second edition.
300 ## - PHYSICAL DESCRIPTION
Extent 2 volumes (1787 p., I-xxiv) :
Other physical details illustrations (chiefly color) ;
Dimensions 29 cm
500 ## - GENERAL NOTE
General note Previous edition: 1995.
504 ## - BIBLIOGRAPHY, ETC. NOTE
Bibliography, etc. note Includes bibliographical references and index.
505 0# - FORMATTED CONTENTS NOTE
Formatted contents note volume 1. Physical Examination of the Respiratory System -- Common Respiratory Symptoms -- Growth, Development and Morphology of the Respiratory Tract -- Normal Respiratory Physiology -- Defence Mechanism in Respiratory System -- Diagnostic Methods in Lung Diseases -- Antimicrobial Agents -- Pneumonias -- Lung Abscess -- Bronchiectasis -- Tuberculosis -- Infection due to Nontuberculous Mycobacteria -- Fungal Infections of the Lung -- Parasitic Lung Diseases -- Bronchial Asthma -- volume 2. Chronic Obstructive Pulmonary Diseases -- Respiratory Failure -- Cor Pulmonale -- Pulmonary Embolism -- Acute Respiratory Distress Syndrome -- Interstitial Lung Diseases -- Lung Cancer -- Pulmonary Neoplasms other than Bronchogenic Carcinoma -- Sarcoidosis -- Pulmonary Vasculitides -- Lungs in Systemic Diseases -- Occupational and Environmental Lung Diseases -- Disorders of Pleura -- Mediastinal Diseases -- Disorders of the Diaphragm and Chest Wall -- Congenital Anomalies of the Respiratory System -- Lung Transplantation -- Pediatric Lung Diseases -- Critical Care in Pulmonary Medicine.
650 #0 - SUBJECT ADDED ENTRY--TOPICAL TERM
Topical term or geographic name entry element Respiratory organs
General subdivision Diseases
-- Pathophysiology.
9 (RLIN) 4105
650 #0 - SUBJECT ADDED ENTRY--TOPICAL TERM
Topical term or geographic name entry element Cardiopulmonary system
General subdivision Diseases
-- Pathophysiology.
9 (RLIN) 4106
650 #0 - SUBJECT ADDED ENTRY--TOPICAL TERM
Topical term or geographic name entry element Lungs
General subdivision Diseases
-- Pathophysiology.
9 (RLIN) 4107
906 ## - LOCAL DATA ELEMENT F, LDF (RLIN)
a 7
b cbc
c origres
d 2
e ncip
f 20
g y-gencatlg
942 ## - ADDED ENTRY ELEMENTS (KOHA)
Source of classification or shelving scheme
Koha item type Book
Holdings
Withdrawn status Lost status Source of classification or shelving scheme Damaged status Not for loan Permanent Location Current Location Date acquired Total Checkouts Full call number Barcode Date last seen Copy number Price effective from Koha item type
          Atta-ur-Rahman School of Applied Biosciences (ASAB) Atta-ur-Rahman School of Applied Biosciences (ASAB) 07/06/2018   616.2 BEH ASAB1578 07/06/2018 Volume 1 of 2 07/06/2018 Book
© 2023 Central Library, National University of Sciences and Technology. All Rights Reserved.